000 00327nam a22001337a 4500
008 171012b xxu||||| |||| 00| 0 eng d
020 _a26800448-X
041 _aeng
080 _a316
100 _a50
101 _aSOC
245 _aCONFLICT RESOLUTION: CONTRUBUTIONS OF THE BEHAVIORAL SCIENCES
_cSMITH,C.G
942 _2udc
_cBK
999 _c33447
_d33447